Riego localizado y fertirrigación
| Main Author: | |
|---|---|
| Format: | Section = Libro |
| Language: | Undetermined Spanish |
| Published: |
España
Mundi Prensa
2002
|
| Edition: | 3a.ed. |
| Subjects: |
| LEADER | 00646nam a2200229Ia 4500 | ||
|---|---|---|---|
| 008 | 240829s9999 xx 000 0 und d | ||
| 020 | |a 84-8476-052-9 | ||
| 040 | |a BIBLIOTECA-RUPAP 631.587 M938 | ||
| 041 | |a spa | ||
| 082 | |a 631.587 M938 | ||
| 100 | 1 | |a Moya Talens, Jesús Antonio | |
| 245 | 1 | 0 | |a Riego localizado y fertirrigación |
| 250 | |a 3a.ed. | ||
| 260 | |a España |b Mundi Prensa |c 2002 | ||
| 300 | |a 534 p. :il. | ||
| 650 | 7 | |a IRRIGACION | |
| 650 | 7 | |b FERTIRRIGACION - FERTILIZANTES | |
| 650 | 7 | |c ANALISIS SISTEMAS DE RIEGO | |
| 650 | 7 | |d FERTILIZACION - FISIOLOGIA VEGETAL. I. Tít. | |
| 942 | |c BK |2 ddc | ||
| 991 | |a TEXTO | ||
| 999 | |c 8582 | ||